[Event "40. Open Vila de Sitges 2014"]
[Site "Sitges ESP"]
[Date "2014.07.24"]
[Round "3.5"]
[White "Akshat, Khamparia"]
[Black "Perez Mitjans, Orelvis"]
[Result "1/2-1/2"]
[WhiteElo "2367"]
[BlackElo "2414"]
[PlyCount "81"]
[EventDate "2014.07.22"]
[EventType "swiss"]
[EventRounds "9"]
[EventCountry "ESP"]
[Source "lmi"]
[SourceDate "2014.07.22"]

1. d4 d5 2. Nf3 c6 3. c4 Nf6 4. e3 g6 5. Nc3 Bg7 6. Be2 O-O 7. O-O e6 8. b4 a5
9. b5 Ne4 10. Bb2 Nxc3 11. Bxc3 dxc4 12. Bxc4 cxb5 13. Bxb5 Bd7 14. Rb1 Nc6 15.
Qd2 Qc7 16. Rfc1 Rfc8 17. Qb2 Qb6 18. Nd2 Nb4 19. Bf1 Bc6 20. Nc4 Qd8 21. a3
Nd5 22. Be1 a4 23. Ne5 Qe7 24. e4 Nf6 25. f3 Nh5 26. Bb4 Qh4 27. g3 Qd8 28. Kg2
Nf6 29. Rd1 h5 30. Rbc1 Be8 31. Nc4 Bb5 32. Be1 Bxc4 33. Bxc4 Ne8 34. e5 Bh6
35. Bd2 Bxd2 36. Rxd2 Qe7 37. d5 exd5 38. Rxd5 Ng7 39. Qa2 Nf5 40. Re1 Rd8 41.
e6 1/2-1/2

[Event "40. Open Vila de Sitges 2014"]
[Site "Sitges ESP"]
[Date "2014.07.24"]
[Round "3.6"]
[White "Grigoryan, Karen H"]
[Black "Mosquera, Miguel"]
[Result "1-0"]
[WhiteElo "2592"]
[BlackElo "2362"]
[PlyCount "81"]
[EventDate "2014.07.22"]
[EventType "swiss"]
[EventRounds "9"]
[EventCountry "ESP"]
[Source "lmi"]
[SourceDate "2014.07.22"]

1. d4 d5 2. c4 c6 3. Nf3 Nf6 4. Qb3 Qb6 5. e3 Bf5 6. Be2 h6 7. cxd5 Qxb3 8.
axb3 cxd5 9. O-O Nc6 10. Bd2 e6 11. Rc1 Bd6 12. Bb5 Kd7 13. Ne5+ Bxe5 14. dxe5
Ne4 15. Ba5 f6 16. f3 Ng5 17. Nc3 fxe5 18. e4 dxe4 19. h4 Nf7 20. Rd1+ Ke7 21.
g4 Bg6 22. Bxc6 bxc6 23. Bb4+ Ke8 24. fxe4 h5 25. Ra6 Rd8 26. Rxd8+ Kxd8 27. g5
Re8 28. Rxa7 Kc8 29. Na4 Kb8 30. Rd7 Rd8 31. Bd6+ Nxd6 32. Rxd8+ Kc7 33. Rg8
Ne8 34. Nc5 Kd6 35. b4 Ke7 36. Kf2 Kf7 37. Rh8 Ke7 38. Ke3 Bf7 39. Nd3 Kd6 40.
b3 Bg6 41. Nb2 1-0

[Event "40. Open Vila de Sitges 2014"]
[Site "Sitges ESP"]
[Date "2014.07.24"]
[Round "3.7"]
[White "Aroshidze, Levan"]
[Black "Martinez Alcantara, Jose Eduar"]
[Result "1-0"]
[WhiteElo "2565"]
[BlackElo "2295"]
[PlyCount "81"]
[EventDate "2014.07.22"]
[EventType "swiss"]
[EventRounds "9"]
[EventCountry "ESP"]
[Source "lmi"]
[SourceDate "2014.07.22"]

1. e4 c5 2. Nf3 d6 3. d4 cxd4 4. Nxd4 Nf6 5. Nc3 a6 6. f3 e6 7. Be3 b5 8. Qd2
Nbd7 9. g4 Nb6 10. a4 Nc4 11. Bxc4 bxc4 12. a5 Bb7 13. Na4 d5 14. g5 Nd7 15.
O-O-O Rc8 16. exd5 Bxd5 17. Qc3 Bd6 18. Nb6 Nxb6 19. axb6 O-O 20. Nf5 exf5 21.
Rxd5 Qe7 22. Qd4 f4 23. Bf2 Bb8 24. Re1 Qb7 25. Re4 c3 26. b3 Qc6 27. Rc5 Qxc5
28. Qxc5 Rxc5 29. Bxc5 Rd8 30. Be7 Re8 31. Rd4 f6 32. Rd8 Kf7 33. Rxe8 Kxe8 34.
gxf6 g5 35. Bb4 g4 36. fxg4 f3 37. Kd1 Bxh2 38. Bxc3 Kd7 39. Bd4 Bd6 40. Kd2
Bf4+ 41. Kd3 1-0

[Event "40. Open Vila de Sitges 2014"]
[Site "Sitges ESP"]
[Date "2014.07.24"]
[Round "3.8"]
[White "Gonzalez Perez, Arian"]
[Black "Alarcon Casellas, Rolando"]
[Result "1/2-1/2"]
[WhiteElo "2494"]
[BlackElo "2378"]
[PlyCount "62"]
[EventDate "2014.07.22"]
[EventType "swiss"]
[EventRounds "9"]
[EventCountry "ESP"]
[Source "lmi"]
[SourceDate "2014.07.22"]

1. e4 e6 2. d4 d5 3. exd5 exd5 4. Nf3 Bd6 5. Bd3 Ne7 6. O-O Nbc6 7. Nc3 Bg4 8.
Nb5 a6 9. Nxd6+ Qxd6 10. c3 h6 11. Re1 O-O 12. Be2 Ng6 13. h3 Bf5 14. Bd3 Bxd3
15. Qxd3 Rfe8 16. Bd2 Kf8 17. Rxe8+ Rxe8 18. Re1 Rxe1+ 19. Nxe1 Nce7 20. Qg3
Nf5 21. Qxd6+ Nxd6 22. Nd3 Ke8 23. Kf1 Kd7 24. Ke2 c6 25. Nc5+ Kc8 26. g3 Nc4
27. Bc1 Nb6 28. h4 Nd7 29. Nxd7 Kxd7 30. h5 Ne7 31. g4 f6 1/2-1/2

[Event "40. Open Vila de Sitges 2014"]
[Site "Sitges ESP"]
[Date "2014.07.24"]
[Round "3.9"]
[White "Raghunandan, Kaumandur Srihari"]
[Black "Gomez Ledo, Roberto Carlos"]
[Result "1-0"]
[WhiteElo "2148"]
[BlackElo "2429"]
[PlyCount "83"]
[EventDate "2014.07.22"]
[EventType "swiss"]
[EventRounds "9"]
[EventCountry "ESP"]
[Source "lmi"]
[SourceDate "2014.07.22"]

1. d4 e6 2. c4 Bb4+ 3. Bd2 Bxd2+ 4. Qxd2 f5 5. g3 Nf6 6. Bg2 O-O 7. Nf3 d6 8.
Nc3 Qe7 9. O-O c6 10. Qf4 d5 11. Ne5 Nbd7 12. Rac1 Nxe5 13. dxe5 Ne4 14. Qe3
Qg5 15. Qxg5 Nxg5 16. f4 Nf7 17. Rfd1 Rd8 18. cxd5 exd5 19. b4 Kf8 20. b5 d4
21. Na4 cxb5 22. Nc5 Rb8 23. Nb3 Be6 24. Nxd4 Bxa2 25. Ra1 Bc4 26. Rxa7 b4 27.
e3 Nh6 28. h3 b3 29. Rb1 Ng8 30. Nxb3 b6 31. Nd4 Ne7 32. Bf1 Bd5 33. Ra6 Rdc8
34. Rbxb6 Rxb6 35. Rxb6 Be4 36. Kf2 Nd5 37. Rb3 Ra8 38. Ne6+ Ke7 39. Nc5 Ra2+
40. Be2 Bc2 41. Rb7+ Kf8 42. Ne6+ 1-0

[Event "40. Open Vila de Sitges 2014"]
[Site "Sitges ESP"]
[Date "2014.07.24"]
[Round "3.10"]
[White "Dave, Dhyani"]
[Black "Fedorchuk, Sergey A"]
[Result "0-1"]
[WhiteElo "2201"]
[BlackElo "2665"]
[PlyCount "83"]
[EventDate "2014.07.22"]
[EventType "swiss"]
[EventRounds "9"]
[EventCountry "ESP"]
[Source "lmi"]
[SourceDate "2014.07.22"]

1. e4 c5 2. Nf3 e6 3. c4 Nc6 4. Nc3 Nd4 5. Nxd4 cxd4 6. Ne2 Bc5 7. b4 Bxb4 8.
Nxd4 Be7 9. Nf3 Nf6 10. e5 Ne4 11. Bd3 d5 12. exd6 Nxd6 13. Bb2 O-O 14. O-O b6
15. Ne5 Bb7 16. Rc1 Rc8 17. Be2 Rc7 18. Bf3 Qc8 19. d3 Rd8 20. Bxb7 Qxb7 21.
Nf3 Nf5 22. Qe2 Bc5 23. Rfd1 Rcd7 24. Bc3 h6 25. h3 Qc7 26. Be5 Qc6 27. Bc3 Nd4
28. Nxd4 Bxd4 29. Qb2 Qc5 30. Bxd4 Rxd4 31. Qb3 R8d7 32. Rc3 Qf5 33. Qc2 Rc7
34. Rb1 Rc5 35. Rbb3 Qe5 36. Qc1 Qc7 37. Qe3 Re5 38. Qd2 Qc6 39. Rc1 Rg5 40. g3
Qf3 41. Kh2 Rh4 42. Qxg5 0-1

[Event "40. Open Vila de Sitges 2014"]
[Site "Sitges ESP"]
[Date "2014.07.25"]
[Round "4.1"]
[White "Gomez Garrido, Camilo Ernesto"]
[Black "Grigoryan, Karen H"]
[Result "1-0"]
[WhiteElo "2495"]
[BlackElo "2592"]
[PlyCount "53"]
[EventDate "2014.07.22"]
[EventType "swiss"]
[EventRounds "9"]
[EventCountry "ESP"]
[Source "lmi"]
[SourceDate "2014.07.22"]

1. e4 c5 2. Nf3 Nc6 3. d4 cxd4 4. Nxd4 Nf6 5. Nc3 d6 6. Bg5 e6 7. Qd2 a6 8.
O-O-O Be7 9. Nb3 b5 10. Bxf6 gxf6 11. f4 b4 12. Ne2 Qb6 13. Kb1 a5 14. Nbd4 Bb7
15. Nxc6 Bxc6 16. Nd4 Bd7 17. Bc4 Qc5 18. Qe2 a4 19. f5 e5 20. Nf3 Bc6 21. g4
O-O 22. g5 b3 23. g6 bxc2+ 24. Qxc2 Rac8 25. Rhg1 Qe3 26. Qg2 Bxe4+ 27. Ka1 1-0

[Event "40. Open Vila de Sitges 2014"]
[Site "Sitges ESP"]
[Date "2014.07.25"]
[Round "4.2"]
[White "Oliva Castaneda, Kevel"]
[Black "Aroshidze, Levan"]
[Result "1-0"]
[WhiteElo "2419"]
[BlackElo "2565"]
[PlyCount "61"]
[EventDate "2014.07.22"]
[EventType "swiss"]
[EventRounds "9"]
[EventCountry "ESP"]
[Source "lmi"]
[SourceDate "2014.07.22"]

1. Nf3 c5 2. c4 Nf6 3. g3 b6 4. Bg2 Bb7 5. O-O e6 6. Nc3 d6 7. Re1 Be7 8. e4 a6
9. d4 cxd4 10. Nxd4 Qc7 11. Be3 O-O 12. f4 Nbd7 13. Rc1 h5 14. Bh3 Nc5 15. b4
Ncxe4 16. Nxe6 Qxc4 17. Na4 Qxb4 18. Nxf8 Ng5 19. Bg2 Nh3+ 20. Kf1 Qb5+ 21. Re2
Ng4 22. Bg1 Nxg1 23. Kxg1 Bxg2 24. Rxe7 Bc6 25. Rxc6 Qxc6 26. Nd7 b5 27. Nab6
Rb8 28. h3 Qc3 29. Qe1 Qd4+ 30. Kg2 Qb2+ 31. Qe2 1-0

[Event "40. Open Vila de Sitges 2014"]
[Site "Sitges ESP"]
[Date "2014.07.25"]
[Round "4.3"]
[White "Meister, Peter"]
[Black "Rahman, Ziaur"]
[Result "1-0"]
[WhiteElo "2410"]
[BlackElo "2515"]
[PlyCount "61"]
[EventDate "2014.07.22"]
[EventType "swiss"]
[EventRounds "9"]
[EventCountry "ESP"]
[Source "lmi"]
[SourceDate "2014.07.22"]

1. d4 e6 2. Nf3 f5 3. g3 Nf6 4. Bg2 Be7 5. O-O O-O 6. c4 d6 7. Nc3 Ne4 8. Qc2
Nxc3 9. bxc3 Nc6 10. d5 Na5 11. dxe6 c5 12. e4 Bxe6 13. Re1 Kh8 14. h4 Qd7 15.
Bg5 Rae8 16. Bxe7 Rxe7 17. Ng5 f4 18. gxf4 Rxf4 19. e5 Bf5 20. e6 Qe8 21. Qd2
Rg4 22. Qxd6 Nxc4 23. Qxc5 Bxe6 24. Qxe7 Qxe7 25. Rxe6 Qd7 26. Rae1 Rxg2+ 27.
Kxg2 Qd5+ 28. Kg1 g6 29. Re8+ Kg7 30. R1e7+ Kf6 31. Nxh7+ 1-0

[Event "40. Open Vila de Sitges 2014"]
[Site "Sitges ESP"]
[Date "2014.07.25"]
[Round "4.4"]
[White "Ghosh, Diptayan"]
[Black "Akshat, Khamparia"]
[Result "1-0"]
[WhiteElo "2468"]
[BlackElo "2367"]
[PlyCount "65"]
[EventDate "2014.07.22"]
[EventType "swiss"]
[EventRounds "9"]
[EventCountry "ESP"]
[Source "lmi"]
[SourceDate "2014.07.22"]

1. d4 e6 2. c4 Nf6 3. g3 c5 4. d5 exd5 5. cxd5 d6 6. Nc3 g6 7. Bg2 Bg7 8. Nf3
O-O 9. O-O Nbd7 10. Bf4 Nb6 11. e4 Nh5 12. Bg5 f6 13. Bc1 f5 14. Bg5 Bf6 15.
Bh6 Re8 16. Nd2 Ng7 17. h4 Nd7 18. exf5 gxf5 19. Nc4 Ne5 20. Ne3 a6 21. a4 Bxh4
22. gxh4 Qxh4 23. Bxg7 f4 24. Bxe5 Rxe5 25. Ne4 Kh8 26. Ra3 Bd7 27. Nd2 Qh6 28.
Ng4 Bxg4 29. Qxg4 Rg8 30. Rh3 Qf6 31. Qf3 Reg5 32. Rh2 Qxb2 33. Ne4 1-0

[Event "40. Open Vila de Sitges 2014"]
[Site "Sitges ESP"]
[Date "2014.07.25"]
[Round "4.5"]
[White "Das, Sayantan"]
[Black "Munoz Pantoja, Miguel"]
[Result "1-0"]
[WhiteElo "2381"]
[BlackElo "2457"]
[PlyCount "121"]
[EventDate "2014.07.22"]
[EventType "swiss"]
[EventRounds "9"]
[EventCountry "ESP"]
[Source "lmi"]
[SourceDate "2014.07.22"]

1. e4 d5 2. exd5 Qxd5 3. Nc3 Qa5 4. d4 Nf6 5. Bd2 c6 6. Bc4 Qb6 7. Nf3 Bf5 8.
a4 e6 9. a5 Qc7 10. Qe2 Bb4 11. Ne5 Nbd7 12. Bb3 Nxe5 13. dxe5 Nd7 14. a6 Nc5
15. axb7 Qxb7 16. Bc4 O-O 17. O-O Bxc2 18. Be3 Bg6 19. h4 h5 20. g4 hxg4 21.
Qxg4 Bf5 22. Qf4 Nd7 23. Qg3 f6 24. exf6 Nxf6 25. Bd4 Qf7 26. Rfe1 Kh7 27. Ra6
Nh5 28. Qe3 Be7 29. Bxe6 Qg6+ 30. Kh1 Qg4 31. Bxf5+ Rxf5 32. Qxe7 Re8 33. Qxe8
Qxh4+ 34. Kg1 Qg4+ 35. Kh2 Nf6 36. Qe5 Rh5+ 37. Qxh5+ Qxh5+ 38. Kg1 Qg4+ 39.
Kf1 Qxd4 40. Rxc6 Qd3+ 41. Kg1 Ng4 42. Ne4 Qd8 43. Kg2 Qd5 44. Rd6 Qa8 45. Kg3
Nf6 46. Nxf6+ gxf6 47. Rxf6 Qb8+ 48. Rf4 a5 49. Rh1+ Kg6 50. Rhh4 Qxb2 51.
Rhg4+ Kh6 52. Rf3 Qe5+ 53. Kh3 Qd5 54. Rh4+ Kg5 55. Rhf4 Qe6+ 56. Kg2 Qd5 57.
Rf8 a4 58. Kg1 Kg6 59. Rg3+ Kh7 60. Rf4 Qd8 61. Rfg4 1-0

[Event "40. Open Vila de Sitges 2014"]
[Site "Sitges ESP"]
[Date "2014.07.25"]
[Round "4.6"]
[White "Fedorchuk, Sergey A"]
[Black "Raghunandan, Kaumandur Srihari"]
[Result "1-0"]
[WhiteElo "2665"]
[BlackElo "2148"]
[PlyCount "93"]
[EventDate "2014.07.22"]
[EventType "swiss"]
[EventRounds "9"]
[EventCountry "ESP"]
[Source "lmi"]
[SourceDate "2014.07.22"]

1. e4 c5 2. Nf3 d6 3. d4 cxd4 4. Nxd4 Nf6 5. Nc3 a6 6. Qd3 Nbd7 7. Be2 g6 8.
Nb3 Bg7 9. f4 Qc7 10. Bf3 e5 11. f5 b5 12. g4 b4 13. Nd1 d5 14. Nf2 Bb7 15. Bd2
Qb6 16. exd5 e4 17. Bxe4 Ne5 18. Qe2 O-O 19. Be3 Qb5 20. Qxb5 axb5 21. O-O Nxe4
22. Nxe4 Nxg4 23. Bd4 Bxd5 24. Bxg7 Kxg7 25. Rf4 Ne3 26. Nd4 g5 27. Nxg5 Kf6
28. Ndf3 Rg8 29. Kf2 Rxg5 30. Nxg5 Kxg5 31. Kxe3 Re8+ 32. Kd4 Kxf4 33. Kxd5
Re5+ 34. Kc6 Kxf5 35. Rf1+ Ke6 36. Rf4 Re2 37. Rxb4 Rxc2+ 38. Kxb5 f5 39. a4
Ke5 40. a5 f4 41. Rb3 f3 42. Rxf3 Rxb2+ 43. Ka4 Rxh2 44. a6 Rg2 45. a7 Rg8 46.
Rh3 Kd6 47. Kb5 1-0

[Event "40. Open Vila de Sitges 2014"]
[Site "Sitges ESP"]
[Date "2014.07.25"]
[Round "4.7"]
[White "Movsziszian, Karen"]
[Black "Hernando Rodrigo, Julio Antoni"]
[Result "0-1"]
[WhiteElo "2520"]
[BlackElo "2332"]
[PlyCount "48"]
[EventDate "2014.07.22"]
[EventType "swiss"]
[EventRounds "9"]
[EventCountry "ESP"]
[Source "lmi"]
[SourceDate "2014.07.22"]

1. g3 d5 2. Bg2 c5 3. d3 Nc6 4. Nd2 Nf6 5. e4 dxe4 6. dxe4 g6 7. Ngf3 Bg7 8.
O-O O-O 9. c3 Qc7 10. Qe2 Nd7 11. Nh4 b5 12. Qxb5 a5 13. Qa4 Ba6 14. Rd1 Nce5
15. Nf1 Bd3 16. Ne3 e6 17. Rd2 c4 18. Qd1 Rad8 19. f4 g5 20. fxg5 Nc5 21. Qh5
Qb6 22. h3 Bxe4 23. Rd4 Bxg2 24. Nhxg2 Ncd3 0-1

[Event "40. Open Vila de Sitges 2014"]
[Site "Sitges ESP"]
[Date "2014.07.25"]
[Round "4.8"]
[White "Del Rey, Diego"]
[Black "Gonzalez Perez, Arian"]
[Result "1-0"]
[WhiteElo "2363"]
[BlackElo "2494"]
[PlyCount "131"]
[EventDate "2014.07.22"]
[EventType "swiss"]
[EventRounds "9"]
[EventCountry "ESP"]
[Source "lmi"]
[SourceDate "2014.07.22"]

1. e4 c5 2. Nf3 e6 3. b3 d6 4. Bb2 Nf6 5. Bb5+ Nbd7 6. e5 dxe5 7. Nxe5 Be7 8.
O-O O-O 9. f4 Qc7 10. Qf3 a6 11. Bd3 b5 12. c4 Bb7 13. Qe2 bxc4 14. Nxc4 Rfe8
15. Nba3 g6 16. Rac1 Bf8 17. Ne5 Bg7 18. Nac4 Rad8 19. Bc3 Qb8 20. Na5 Nxe5 21.
Bxe5 Qa7 22. Kh1 Bd5 23. Rc2 Qb6 24. Nc4 Qc6 25. Ne3 Be4 26. Bxe4 Nxe4 27. Bxg7
Kxg7 28. Qf3 Rd4 29. d3 Rxd3 30. Nf5+ exf5 31. Qxd3 Qf6 32. Rd1 Qh4 33. g3 Qh3
34. Kg1 Re6 35. Qf1 Qh5 36. Kg2 Nf6 37. h3 Re3 38. Rd3 Re6 39. Qf3 Qxf3+ 40.
Kxf3 Ne4 41. Rd7 h6 42. g4 Nf6 43. Ra7 Ne4 44. Rd7 Nf6 45. Rd8 Ne4 46. gxf5
gxf5 47. Rg2+ Kf6 48. Rgg8 Nd6 49. Rh8 Ke7 50. Ra8 Nb5 51. Rhe8+ Kf6 52. Rxe6+
fxe6 53. Rxa6 Nd4+ 54. Kg2 Ke7 55. Ra7+ Kd6 56. Rh7 Kd5 57. Rxh6 Ke4 58. Rh4
Nf3 59. Rh6 Nd4 60. Rh4 Nf3 61. Rh8 Kxf4 62. a4 e5 63. a5 e4 64. Re8 Nd4 65. a6
Nb5 66. Re7 1-0

[Event "40. Open Vila de Sitges 2014"]
[Site "Sitges ESP"]
[Date "2014.07.25"]
[Round "4.9"]
[White "Perez Mitjans, Orelvis"]
[Black "Uribe Arteaga, Daniel"]
[Result "1-0"]
[WhiteElo "2414"]
[BlackElo "2258"]
[PlyCount "95"]
[EventDate "2014.07.22"]
[EventType "swiss"]
[EventRounds "9"]
[EventCountry "ESP"]
[Source "lmi"]
[SourceDate "2014.07.22"]

1. e4 g6 2. d4 Bg7 3. Nf3 c6 4. h3 d5 5. e5 Nh6 6. c4 O-O 7. Nc3 f6 8. exf6
exf6 9. Be2 Be6 10. Qb3 Qd7 11. cxd5 cxd5 12. Na4 b6 13. O-O Nc6 14. Bd2 Nf5
15. Bc3 Nd6 16. Rfd1 Ne4 17. Be1 Ng5 18. Nh2 f5 19. h4 Ne4 20. Nf3 Qd6 21. Ba6
h6 22. Rac1 Na5 23. Qd3 g5 24. hxg5 hxg5 25. Nc3 Nc4 26. Qe2 g4 27. Nh2 g3 28.
fxg3 Bh6 29. Nxe4 fxe4 30. Rc3 e3 31. Bxc4 dxc4 32. d5 Bf5 33. Rxc4 Bd7 34. Rh4
Rae8 35. Nf3 Qg6 36. Bc3 Bf5 37. d6 Bd7 38. Rd5 Rf5 39. Rxf5 Bxf5 40. Nd4 Bd7
41. Qc4+ Kf8 42. Qf1+ Kg8 43. Qc4+ Kh7 44. Qc7 Qf7 45. Nf3 Kg6 46. Ne5+ Rxe5
47. Bxe5 e2 48. Qc2+ 1-0

[Event "40. Open Vila de Sitges 2014"]
[Site "Sitges ESP"]
[Date "2014.07.25"]
[Round "4.10"]
[White "Vidarte Morales, Arturo"]
[Black "Palit, Somak"]
[Result "1/2-1/2"]
[WhiteElo "2323"]
[BlackElo "2411"]
[PlyCount "83"]
[EventDate "2014.07.22"]
[EventType "swiss"]
[EventRounds "9"]
[EventCountry "ESP"]
[Source "lmi"]
[SourceDate "2014.07.22"]

1. c4 Nf6 2. Nc3 d5 3. d4 g6 4. Nf3 Bg7 5. Bg5 c6 6. e3 O-O 7. Bd3 Nbd7 8. cxd5
cxd5 9. O-O b6 10. Qa4 Bb7 11. Rac1 Ne4 12. Bf4 a6 13. Qb3 e6 14. h3 Rc8 15. a4
g5 16. Bh2 f5 17. Bxe4 fxe4 18. Nxe4 dxe4 19. Qxe6+ Kh8 20. Nxg5 Qxg5 21. Qxd7
Qd5 22. Qe7 Bc6 23. Be5 Bxe5 24. dxe5 Rce8 25. Qb4 Rg8 26. Rfd1 Qe6 27. Kh1 Qg6
28. Rg1 Re6 29. Rcd1 Qf5 30. Rd6 Reg6 31. Rxg6 Rxg6 32. Qxb6 Bxa4 33. Qd8+ Kg7
34. e6 Bb5 35. Qe7+ Kh6 36. Qh4+ Kg7 37. Qe7+ Kh8 38. Qd8+ Rg8 39. Qd4+ Rg7 40.
Qd8+ Rg8 41. Qd4+ Rg7 42. Qd8+ 1/2-1/2

[Event "40. Open Vila de Sitges 2014"]
[Site "Sitges ESP"]
[Date "2014.07.26"]
[Round "5.1"]
[White "Ghosh, Diptayan"]
[Black "Gomez Garrido, Camilo Ernesto"]
[Result "1/2-1/2"]
[WhiteElo "2468"]
[BlackElo "2495"]
[PlyCount "37"]
[EventDate "2014.07.22"]
[EventType "swiss"]
[EventRounds "9"]
[EventCountry "ESP"]
[Source "lmi"]
[SourceDate "2014.07.22"]

1. d4 d5 2. c4 c6 3. Nf3 Nf6 4. e3 a6 5. Nc3 e6 6. Qc2 c5 7. dxc5 Bxc5 8. b3
dxc4 9. bxc4 O-O 10. Be2 Nbd7 11. O-O Qc7 12. Bb2 h6 13. Rab1 b6 14. Ne4 Be7
15. Nxf6+ Bxf6 16. Rfd1 Bxb2 17. Qxb2 Rb8 18. Qd4 Re8 19. h3 1/2-1/2

[Event "40. Open Vila de Sitges 2014"]
[Site "Sitges ESP"]
[Date "2014.07.26"]
[Round "5.2"]
[White "Oliva Castaneda, Kevel"]
[Black "Meister, Peter"]
[Result "1-0"]
[WhiteElo "2419"]
[BlackElo "2410"]
[PlyCount "87"]
[EventDate "2014.07.22"]
[EventType "swiss"]
[EventRounds "9"]
[EventCountry "ESP"]
[Source "lmi"]
[SourceDate "2014.07.22"]

1. d4 d5 2. c4 e6 3. Nf3 Nf6 4. g3 Be7 5. Bg2 O-O 6. O-O b6 7. Nc3 Bb7 8. Ne5
c6 9. e4 dxc4 10. Nxc4 b5 11. Ne3 Qb6 12. e5 Nd5 13. Qg4 Kh8 14. Rd1 Nxc3 15.
bxc3 Nd7 16. f4 f5 17. Qe2 Qa6 18. c4 bxc4 19. Qxc4 Qxc4 20. Nxc4 Rac8 21. Rb1
Ba6 22. Nd6 Bxd6 23. exd6 Nb6 24. Ba3 Rfd8 25. Rbc1 Bc4 26. Bc5 Bd5 27. Bxd5
exd5 28. Re1 Nc4 29. Re7 Nxd6 30. Bxd6 Rxd6 31. Rce1 h6 32. Rxa7 c5 33. dxc5
Rxc5 34. Re8+ Kh7 35. Ree7 Rc1+ 36. Kg2 Rc2+ 37. Kh3 Kh8 38. a4 Rb6 39. Re5
Rbb2 40. Rxf5 Rxh2+ 41. Kg4 Rb3 42. Rf8+ Kh7 43. Raa8 h5+ 44. Kg5 1-0

[Event "40. Open Vila de Sitges 2014"]
[Site "Sitges ESP"]
[Date "2014.07.26"]
[Round "5.3"]
[White "Alarcon Casellas, Rolando"]
[Black "Das, Sayantan"]
[Result "1-0"]
[WhiteElo "2378"]
[BlackElo "2381"]
[PlyCount "167"]
[EventDate "2014.07.22"]
[EventType "swiss"]
[EventRounds "9"]
[EventCountry "ESP"]
[Source "lmi"]
[SourceDate "2014.07.22"]

1. d4 d5 2. Nf3 Nf6 3. Bf4 c5 4. c3 Qb6 5. Qb3 Nc6 6. e3 c4 7. Qc2 Bf5 8. Qc1
h6 9. h3 e6 10. Nbd2 Qd8 11. b3 b5 12. Be2 a6 13. O-O Bd6 14. bxc4 bxc4 15.
Bxd6 Qxd6 16. Bd1 O-O 17. Ba4 Rfb8 18. Bxc6 Qxc6 19. Ne5 Qb5 20. f3 Qb2 21. Rf2
Qxc1+ 22. Rxc1 Rb2 23. e4 Bh7 24. exd5 exd5 25. Ne4 Rxf2 26. Nxf2 Rb8 27. Nd1
Bb1 28. a4 Bh7 29. g4 Rb3 30. a5 Ra3 31. Nc6 g5 32. Ne3 Kf8 33. Kf2 Ra2+ 34.
Kg1 Re2 35. Ng2 Ra2 36. h4 Ne8 37. hxg5 hxg5 38. Ne3 Nc7 39. Re1 Ra3 40. Rc1
Bd3 41. Kf2 Ra2+ 42. Kg3 Re2 43. Ng2 Ra2 44. Ne3 f6 45. Re1 Kf7 46. Nf5 Re2 47.
Rxe2 Bxe2 48. Ne3 Bd3 49. Nb4 Ke6 50. Kf2 Bg6 51. Ke2 Kd6 52. Nf1 Nb5 53. Kd2
Na3 54. Kc1 Nb5 55. Kb2 Nc7 56. Ne3 Ke6 57. Kc1 Kd6 58. Kd2 Ke6 59. Nd1 Kd6 60.
Nf2 Ke6 61. Nh3 Kd6 62. Ng1 Ke6 63. Ne2 Kd6 64. Ke3 f5 65. f4 fxg4 66. fxg5 Be4
67. Kf4 Bf3 68. Ng3 Ke6 69. Nh5 Bd1 70. g6 g3 71. g7 Kf7 72. Nxg3 Kxg7 73. Ke5
Bf3 74. Nf5+ Kf7 75. Ne3 Bh1 76. Nexd5 Bxd5 77. Kd6 Nb5+ 78. Kxd5 Nxc3+ 79.
Kxc4 Ne4 80. Nxa6 Ke7 81. Kd5 Nf6+ 82. Kc6 Kd8 83. Nc5 Kc8 84. a6 1-0

[Event "40. Open Vila de Sitges 2014"]
[Site "Sitges ESP"]
[Date "2014.07.26"]
[Round "5.4"]
[White "Del Rey, Diego"]
[Black "Fedorchuk, Sergey A"]
[Result "0-1"]
[WhiteElo "2363"]
[BlackElo "2665"]
[PlyCount "88"]
[EventDate "2014.07.22"]
[EventType "swiss"]
[EventRounds "9"]
[EventCountry "ESP"]
[Source "lmi"]
[SourceDate "2014.07.22"]

1. d4 Nf6 2. Nf3 e6 3. c4 b6 4. g3 Bb4+ 5. Bd2 Be7 6. Bg2 Ba6 7. Ne5 c6 8. O-O
O-O 9. b4 Bb7 10. Qb3 d6 11. Nd3 d5 12. c5 Ne4 13. Be3 Nd7 14. f3 Nef6 15. Nd2
Ne8 16. Rfc1 Nc7 17. cxb6 axb6 18. f4 Nb5 19. a4 Nd6 20. Bf2 Ne8 21. b5 cxb5
22. axb5 Rxa1 23. Rxa1 Qc7 24. Rc1 Qb8 25. Nb4 Nd6 26. Nc6 Bxc6 27. bxc6 Nf6
28. Nf3 Rc8 29. Ne5 b5 30. Be1 Nc4 31. Rb1 Qc7 32. Bb4 Bxb4 33. Qxb4 Qb6 34.
Nf3 Rb8 35. Ra1 Qxc6 36. Ra7 h5 37. Qe7 Qe8 38. Qc7 b4 39. Ne5 Nxe5 40. fxe5 b3
41. Rb7 Rxb7 42. Qxb7 Qa4 43. exf6 Qxd4+ 44. Kf1 Qxf6+ 0-1

[Event "40. Open Vila de Sitges 2014"]
[Site "Sitges ESP"]
[Date "2014.07.26"]
[Round "5.5"]
[White "Hernando Rodrigo, Julio Antoni"]
[Black "Perez Mitjans, Orelvis"]
[Result "1/2-1/2"]
[WhiteElo "2332"]
[BlackElo "2414"]
[PlyCount "72"]
[EventDate "2014.07.22"]
[EventType "swiss"]
[EventRounds "9"]
[EventCountry "ESP"]
[Source "lmi"]
[SourceDate "2014.07.22"]

1. d4 Nf6 2. c4 g6 3. Nc3 Bg7 4. g3 d5 5. cxd5 Nxd5 6. Bg2 Nb6 7. Nf3 O-O 8.
O-O Nc6 9. e3 Re8 10. h3 Be6 11. b3 h6 12. Bb2 a5 13. Nd2 a4 14. Nxa4 Nxa4 15.
bxa4 Qc8 16. d5 Bxb2 17. dxe6 f5 18. Rb1 Bg7 19. Nb3 Ne5 20. Nc5 b6 21. Nd7 Ra7
22. e4 Ra5 23. exf5 gxf5 24. Rb5 Rd8 25. Rxa5 bxa5 26. Qd5 Kh8 27. Rd1 Qa6 28.
Bf1 Qa7 29. Qb3 Rg8 30. Nxe5 Bxe5 31. Kg2 f4 32. Qd5 Bf6 33. Qh5 Bg7 34. Bd3
fxg3 35. fxg3 Rf8 36. Qe2 Qd4 1/2-1/2

[Event "40. Open Vila de Sitges 2014"]
[Site "Sitges ESP"]
[Date "2014.07.26"]
[Round "5.6"]
[White "Grigoryan, Karen H"]
[Black "Akshat, Khamparia"]
[Result "1/2-1/2"]
[WhiteElo "2592"]
[BlackElo "2367"]
[PlyCount "125"]
[EventDate "2014.07.22"]
[EventType "swiss"]
[EventRounds "9"]
[EventCountry "ESP"]
[Source "lmi"]
[SourceDate "2014.07.22"]

1. d4 Nf6 2. c4 e6 3. Nf3 c5 4. d5 exd5 5. cxd5 d6 6. Nc3 g6 7. e4 Bg7 8. Nd2
O-O 9. Be2 Na6 10. O-O Nc7 11. Re1 Nfe8 12. a4 b6 13. Nc4 f5 14. Bf3 Ba6 15.
Qb3 Kh8 16. exf5 Rxf5 17. Ne4 Nxd5 18. Ng3 Rxf3 19. gxf3 Nb4 20. Bd2 Nc6 21.
Be3 Nd4 22. Bxd4 Bxd4 23. Ne3 Ng7 24. Ng4 Nf5 25. Qe6 Qg8 26. Qe7 Rf8 27. Qxa7
Bc4 28. Qxb6 Nh4 29. Ra3 h5 30. Nh6 Qg7 31. Qxd6 Qxh6 32. Rd1 Qg7 33. f4 Qf6
34. Qxf6+ Rxf6 35. a5 Rxf4 36. a6 Bxf2+ 37. Kh1 Bd4 38. Rxd4 Rxd4 39. Kg1 Rd2
40. a7 Bd5 41. a8=Q+ Bxa8 42. Rxa8+ Kg7 43. Ra3 Rg2+ 44. Kf1 Rxb2 45. Ne2 Rb7
46. Rc3 Rf7+ 47. Kg1 Nf3+ 48. Kg2 Nxh2 49. Rxc5 Ng4 50. Nd4 Kh6 51. Nf3 Ne3+
52. Kg3 Nf5+ 53. Kg2 h4 54. Kh3 g5 55. Ne5 Rb7 56. Kg4 Ne3+ 57. Kf3 Rb3 58.
Nf7+ Kg6 59. Nxg5 Nf5+ 60. Kf4 Rb4+ 61. Ne4 Nd6 62. Re5 Nxe4 63. Rxe4 1/2-1/2